000
00342nam a2200145Ia 4500
008
240624s9999 xx 000 0 und d
041
_a
eng
082
_a
005.7403 KUM
100
_a
KUMAR SUDHIR
245
_a
ENCYCLOPAEDIA OF DATABASE MANAGEMENT SYS
260
_c
2004
_a
New Delhi
_b
Universal
300
_a
886p
365
_c
RS
440
_v
3
999
_c
4027
_d
4027